MARC details
| 000 -LEADER |
| campo de control de longitud fija |
02535cam a2200421 a 4500 |
| 001 - NÚMERO DE CONTROL |
| campo de control |
9217062 |
| 003 - IDENTIFICADOR DE NÚMERO DE CONTROL |
| campo de control |
AZMVBTROQ |
| 005 - FECHA Y HORA DE LA ÚLTIMA TRANSACCIÓN |
| campo de control |
20220326193255.0 |
| 008 - DATOS DE LONGITUD FIJA--INFORMACIÓN GENERAL |
| campo de control de longitud fija |
110601s2011 ne a b 001 0deng d |
| 010 ## - NÚMERO DE CONTROL DE LA BIBLIOTECA DEL CONGRESO |
| Número de control de LC |
2011493522 |
| 020 ## - NÚMERO INTERNACIONAL ESTÁNDAR DEL LIBRO |
| Número Internacional Estándar del Libro |
9789460830372 |
| 020 ## - NÚMERO INTERNACIONAL ESTÁNDAR DEL LIBRO |
| Número Internacional Estándar del Libro |
9460830374 |
| 035 ## - NÚMERO DE CONTROL DEL SISTEMA |
| Número de control de sistema |
(OCoLC)ocn712782706 |
| 035 ## - NÚMERO DE CONTROL DEL SISTEMA |
| Número de control de sistema |
(OCoLC)712782706 |
| 035 ## - NÚMERO DE CONTROL DEL SISTEMA |
| Número de control de sistema |
(NNC)9217062 |
| 040 ## - FUENTE DE CATALOGACIÓN |
| Centro catalogador/agencia de origen |
VVP |
| Centro/agencia transcriptor |
VVP |
| Centro/agencia modificador |
DLC |
| -- |
YDXCP |
| -- |
BWX |
| -- |
IUL |
| -- |
ERASA |
| -- |
NNC |
| 042 ## - CÓDIGO DE AUTENTICACIÓN |
| Código de autenticación |
lccopycat |
| 050 00 - SIGNATURA TOPOGRÁFICA DE LA BIBLIOTECA DEL CONGRESO |
| Número de clasificación |
N6490 |
| Número de ítem |
.O485 2011 |
| 082 ## - NÚMERO DE LA CLASIFICACIÓN DECIMAL DEWEY |
| Número de clasificación |
707 |
| Número de ítem |
H677o |
| 245 00 - MENCIÓN DEL TÍTULO |
| Título |
On horizons : |
| Resto del título |
a critical reader in contemporary art / |
| Mención de responsabilidad, etc. |
edited by Maria Hlavajova, Simon Sheikh, and Jill Winder. |
| 246 30 - FORMA VARIANTE DEL TITULO |
| Título propio/Titulo breve |
Critical reader in contemporary art |
| 260 ## - PUBLICACIÓN, DISTRIBUCIÓN, ETC. |
| Lugar de publicación, distribución, etc. |
Utrecht : |
| Nombre del editor, distribuidor, etc. |
BAK, basis voor actuele kunst ; |
| Lugar de publicación, distribución, etc. |
Rotterdam : |
| Nombre del editor, distribuidor, etc. |
Post Editions, |
| Fecha de publicación, distribución, etc. |
c2011. |
| 300 ## - DESCRIPCIÓN FÍSICA |
| Extensión |
239 p. : |
| Otras características físicas |
ill. ; |
| Dimensiones |
17 cm. |
| 490 1# - MENCIÓN DE SERIE |
| Mención de serie |
BAK critical reader series |
| 500 ## - NOTA GENERAL |
| Nota general |
"On Horizons: A Critical Reader in Contemporary Art is linked to two projects in which the notion of horizon was engaged with: Vectors of the Possible, FORMER WEST Research Exhibition, and On Horizons: Art and the Political Imagination, the 2nd FORMER WEST Research Congress"--P.219. |
| 504 ## - NOTA DE BIBLIOGRAFÍA, ETC. |
| Nota de bibliografía, etc. |
Includes bibliographical references and index. |
| 505 00 - NOTA DE CONTENIDO CON FORMATO |
| Título |
The Nth field : the horizon reloaded / |
| Mención de responsabilidad |
Nancy Adajania and Ranjit Hoskote -- |
| Título |
The communist horizon / |
| Mención de responsabilidad |
Jodi Dean -- |
| Título |
Is another world possible? The politics of utopia and the surpassing of capitalism in recent exhibition practice / |
| Mención de responsabilidad |
T.J. Demos -- |
| Título |
Certain resemblances : notes on performance, event and political images / |
| Mención de responsabilidad |
Sharon Hayes -- |
| Título |
Horizon, ground and lived experience / |
| Mención de responsabilidad |
Ernesto Laclau -- |
| Título |
Expecting the unexpected : beyond the "horizon of expectation" / |
| Mención de responsabilidad |
Peter Osborne -- |
| Título |
From the perspective of hope : a conversation between Alexei Penzin and Dmitry Vilensky -- |
| -- |
Vectors of the possible : art between spaces of experience and horizons of expectation / |
| Mención de responsabilidad |
Simon Sheikh -- |
| Título |
In free fall : a thought experiment / |
| Mención de responsabilidad |
Hito Steyerl -- |
| Título |
Organizing the silence / |
| Mención de responsabilidad |
Ultra-red. |
| 650 #0 - PUNTO DE ACCESO ADICIONAL DE MATERIA--TÉRMINO DE MATERIA |
| Término de materia o nombre geográfico como elemento de entrada |
Art criticism. |
| 9 (RLIN) |
14 |
| 650 #0 - PUNTO DE ACCESO ADICIONAL DE MATERIA--TÉRMINO DE MATERIA |
| Término de materia o nombre geográfico como elemento de entrada |
Art, Modern |
| Subdivisión cronológica |
21st century |
| Subdivisión general |
Political aspects. |
| 9 (RLIN) |
1048 |
| 650 #0 - PUNTO DE ACCESO ADICIONAL DE MATERIA--TÉRMINO DE MATERIA |
| Subdivisión cronológica |
s. XXI |
| Subdivisión general |
arte-critica |
| -- |
arte moderno-aspectos politicos |
| -- |
arte moderno-aspectos sociales |
| 9 (RLIN) |
1049 |
| 650 #0 - PUNTO DE ACCESO ADICIONAL DE MATERIA--TÉRMINO DE MATERIA |
| Término de materia o nombre geográfico como elemento de entrada |
Art, Modern |
| Subdivisión cronológica |
21st century |
| Subdivisión general |
Social aspects. |
| 9 (RLIN) |
1050 |
| 700 1# - ENTRADA AGREGADA--NOMBRE PERSONAL |
| Nombre de persona |
Hlavajova, Maria, |
| Fechas asociadas al nombre |
1971- |
| 9 (RLIN) |
1051 |
| 700 1# - ENTRADA AGREGADA--NOMBRE PERSONAL |
| Nombre de persona |
Sheikh, Simon. |
| 9 (RLIN) |
1052 |
| 700 1# - ENTRADA AGREGADA--NOMBRE PERSONAL |
| Nombre de persona |
Winder, Jill, |
| Fechas asociadas al nombre |
1975- |
| 9 (RLIN) |
1053 |
| 830 #0 - PUNTO DE ACCESO ADICIONAL DE SERIE-TÍTULO UNIFORME |
| Título uniforme |
BAK critical reader series. |
| 9 (RLIN) |
1054 |
| 948 1# - PROCESAMIENTO DE INFORMACIÓN LOCAL (OCLC); DESIGNADOR DE PARTE DE LA SERIE (RLIN) |
| Designador de la parte de la serie, SPT (RLIN) |
20120416 |
| b (OCLC) |
c |
| c (OCLC) |
fra1 |
| d (OCLC) |
OSMC |